000 00860nam a2200265Ia 4500
003 OSt
005 20220918170417.0
006 a|||||r|||| 00| 0
007 ta
008 220917b |||||||| |||| 00| 0 eng d
020 _a9780199791217 (hbk)
_c4518.47
024 _a286,976
037 _b106993, 15/12/2015, International Book Distributors
_cTextual
040 _aARTS
_cARTS
_beng
041 _2eng
_aeng
082 _aS:31, Q2
100 _aPosner Michael I.
_928893
245 0 _aAttention in a social world
260 _aOxford
_bOxford University Press U.S.A.
_c2012
300 _axx, 195p.
_ccm.
490 _aOxford series in social cognition and social neuroscience
650 _aPSYCHOLOGY
942 _hS:31, Q2
_cTEXL
_2CC
999 _c134023
_d134023